Quaderno Quetzalan

Wedi'i Gadw mewn:
Manylion Llyfryddiaeth
Prif Awdur: Biord Castillo, Horacio
Fformat: Llyfr
Iaith:Undetermined
Cyhoeddwyd: Venezuela Ediciones Grupo TEI 2011
Pynciau:
Tagiau: Ychwanegu Tag
Dim Tagiau, Byddwch y cyntaf i dagio'r cofnod hwn!

MARC

LEADER 00000nam a2200000Ia 4500
008 170316s9999 xx 000 0 und d
040 |a cru BVZT 
090 |a 860 B-27.1qu 
100 |a Biord Castillo, Horacio 
245 |a Quaderno Quetzalan 
260 |a Venezuela 
260 |b Ediciones Grupo TEI 
260 |c 2011 
300 |a 71 páginas 
650 |a LITERATURA LATINOAMERICANA 
650 |a POESÍA 
999 |c 8409  |d 8409 
942 |c 15 D  |h 860 B-27.1qu  |2 z